000 00605nam a2200241Ia 4500
003 OSt
005 20220924151012.0
006 a|||||r|||| 00| 0
007 ta
008 ori
020 _c5.50
024 _a335604
037 _cTextual
040 _aARTS
_cARTS
_bori
041 _2ori
_aori
082 _aO1591,1x, M2
100 _aPanigrahy Rameshprasad
_9223390
245 0 _aJane mahapurushanika janma o mrutyu samparkare
260 _c1982
650 _aORIYA LITERATURE
_927692
942 _hO1591,1x, M2
_cTEXL
_2CC
999 _c465249
_d465249